Contre-cœur, Yoa paroles - Statistiques

Statistiques générales
  • Ce quiz a été pris 39 fois
  • Le résultat moyen est 340 sur 403
Statistiques - réponses
Réponse % Correct
à
100%
A
100%
de
100%
De
100%
des
100%
est
100%
Et
100%
Je
100%
je
100%
la
100%
La
100%
me
100%
amies
95%
Depuis
95%
depuis
95%
(depuis)
95%
le
95%
les
95%
Les
95%
moi
95%
Moi
95%
par
95%
pense
95%
photos
95%
plus
95%
Plus
95%
qu'on
95%
sœurs
95%
te
95%
Te
95%
toi
95%
tu
95%
Tu
95%
c'est
90%
C'est
90%
chansons?
90%
cœur
90%
comme
90%
comment
90%
contre-cœur
90%
dans
90%
Dans
90%
erreur
90%
fait
90%
mes
90%
mon
90%
ou
90%
90%
Que
90%
que
90%
tous
90%
un
90%
amour
86%
ça
86%
écoutes
86%
en
86%
Est-ce
86%
jours
86%
Mais
86%
non?
86%
On
86%
on
86%
se
86%
sens
86%
va?
86%
va
86%
amitiés
81%
as
81%
Dis-moi
81%
(dis-moi
81%
elle
81%
même
81%
m'en
81%
notre
81%
pas
81%
peu
81%
Quand
81%
quel
81%
Qui
81%
qui
81%
si
81%
ta
81%
une
81%
adieu
76%
Autant
76%
aux
76%
bien
76%
chiante
76%
cimetière
76%
demeure?
76%
dire
76%
du
76%
heures
76%
j'ai
76%
Juste
76%
laissé
76%
meurent?
76%
m'y
76%
parfois
76%
parfois?
76%
pendant
76%
prend
76%
rendre
76%
suis
76%
sur
76%
terre
76%
tombe
76%
trouvais
76%
trouves
76%
vide
76%
attachante
71%
aussi
71%
chercher
71%
compliqué
71%
connards
71%
drôle,
71%
drôle
71%
Fleurir
71%
font
71%
fort
71%
j'imagine
71%
mélancolie
71%
mieux
71%
parle
71%
passé
71%
peine
71%
perds
71%
pire
71%
pleurer
71%
pourquoi
71%
pourquoi)
71%
puisse
71%
putain
71%
qu'elles
71%
sais
71%
Sans
71%
soir
71%
souvenir
71%
T'es
71%
ton
71%
toujours
71%
tour
71%
vie
71%
vois
71%
avant
67%
compte
67%
demande
67%
enterrer
67%
J'espère
67%
jolie
67%
meurt
67%
peur
67%
Peut-être
67%
remplacé
67%
sait
67%
sourire
67%
tête
67%
tombée
67%
toutes
67%
vont
67%
aigreur
62%
amoureux
62%
cigarettes
62%
fuite
62%
histoires
62%
marante
62%
partout
62%
prendre
62%
avec
57%
bout
57%
coups
57%
d'amour
57%
folle
57%
fumées
57%
l'avouerai
57%
M'as-tu
57%
Parce
57%
parce
57%
presque
57%
t'aimais
57%
bat
52%
crois
52%
d'éclats
52%
désordre
52%
perdu
52%
ravalés
52%
sanglots
52%
s'était
52%
t'auraient
52%
idole
48%
nos
48%
rendue
48%
sourdes
48%
Aucun quiz correspondant
Distribution des résultats
% des personnes avec chaque résultat
Percentile par nombre de réponses
Votre historique - résultats
Vous n’avez pas pris ce quiz